• 首页
  • 本馆介绍
  • 公告通知
  • 最新文献
  • 馆藏检索
  • 电子资源
  • 读者导购
  • 参考咨询
  • 我的图书馆
  • 登录
  • 详细信息显示
  • 放入我的书架
  • 预约/预借图书
  • 作者相关作品
  • 分类相关作品
  • 丛书相关作品
  • 出版社相关作品

书目信息

  • 表格格式
  • 工作单格式
  • 卡片格式
题名:
郁离子寓言选
    
 
作者: 熊宪光 著
分册:  
出版信息: 重庆   重庆出版社  1982.10
页数: 108页
开本: 20cm
丛书名:
单 册:
中图分类: I276.4
科图分类:
主题词: 民间文学--中国
电子资源:
ISBN:
000 00500nam0 2200193 45
001 0312221749
005 20060721094527.79
010    @dCNY0.31
091    @a7114.24
100    @a20031222d1982 km y0chiy0120 ea
101    @achi
200 1  @a郁离子寓言选@AYu Li Zi Yu Yan Xuan@f熊宪光著@FXiong Xian Guang Zhu
210    @a重庆@c重庆出版社@d1982.10
215    @a108页@d20cm
606 0  @a民间文学@x中国
690    @aI276.4@v3
701 0  @a熊宪光@4著
801    @aCN@bTSTCL@c20060721
905    @dI276.4@e34
    
    郁离子寓言选/熊宪光著.-重庆:重庆出版社,1982.10
    108页;20cm
    
    
    ISBN :CNY0.31
    
●
相关链接 在E读中查询图书 在五车中查询图书 在当当中查询图书 在豆瓣中查询图书


正题名:郁离子寓言选     索取号:I276.4/34         预约/预借

序号 登录号 条形码 馆藏地/架位号 状态 备注
1 0084808   000037873   第二借阅区/ [索取号:I276.4/34] 在馆    
2 0084809   000037917   第二借阅区/ [索取号:I276.4/34] 在馆    
3 0084810   000037793   第二借阅区/ [索取号:I276.4/34] 在馆    
4 0084811   000037757   第二借阅区/ [索取号:I276.4/34] 在馆    
5 0084812   000037837   第一样本阅览室/ [索取号:I276.4/34] 在馆    
6 0426987   204269870   密集书库/ [索取号:I276.4/34] 在馆    
7 0427627   204276274   密集书库/ [索取号:I276.4/34] 在馆    
8 0427628   204276283   密集书库/ [索取号:I276.4/34] 在馆    
唐山师范学院图书馆 欢迎您!
大连网信软件有限公司© 版权所有